| 000 | 00000nam 2200000zi 4500 |
| 001 | 9.945537 |
| 003 | CaOODSP |
| 005 | 20241125142127 |
| 006 | m o d f |
| 007 | cr |n||||||||| |
| 008 | 241125e199210 onc o f000 0 eng d |
| 020 | |z0662593413 |
| 040 | |aCaOODSP|beng|erda|cCaOODSP |
| 043 | |an------ |
| 086 | 1 |aE74-54/1-1992E-PDF|zE74-54/1-1992 |
| 245 | 00|aNorth American Free Trade Agreement : |bCanadian environmental review : executive summary. |
| 264 | 1|a[Ottawa] : |bGovernment of Canada = Gouvernement du Canada, |cOctober 1992. |
| 300 | |a1 online resource (14 pages) |
| 336 | |atext|btxt|2rdacontent |
| 337 | |acomputer|bc|2rdamedia |
| 338 | |aonline resource|bcr|2rdacarrier |
| 500 | |aDigitized edition from print [produced by Government of Canada Publications Directorate]. |
| 500 | |aIssued also in French under title: Accord de libre-échange nord-américain : examen environnemental du Canada : sommaire. |
| 650 | 0|aFree trade|zCanada. |
| 650 | 0|aFree trade|zUnited States. |
| 650 | 0|aFree trade|zMexico. |
| 650 | 0|aFree trade|xEnvironmental aspects|zCanada. |
| 650 | 0|aEnvironmental policy|zCanada. |
| 710 | 1 |aCanada. |bDepartment of Foreign Affairs and International Trade, |eissuing body. |
| 775 | 08|tAccord de libre-échange nord-américain : |w(CaOODSP)9.945540 |
| 856 | 40|qPDF|s656 KB|uhttps://publications.gc.ca/collections/collection_2024/amc-gac/E74-54-1-1992-eng.pdf |